Les Espaces de Faible Densité : Localisation et Dynamiques. - Statistiques

Statistiques générales
  • Ce quiz a été pris 94 fois
  • Le résultat moyen est 7 sur 13
Statistiques - réponses
Question Réponse % Correct
Quel est le nom donné à la Zone partant des Ardennes, passant le Massif Central et se concluant dans les Pyrénnées? La Diagonale du Vide / des faibles densités.
96%
Quel est le nom du phénomène, ressenti depuis les années 1960 par les espaces de Faible Densité, observant leurs habitants quitter la campagne afin de s'installer dans les villes? L'Exode Rural.
85%
Quelle activité les Espaces de Faible Densité ont - ils longtemps pratiqué? L' agriculture.
79%
Dans quelle catégorie d'activité agricole sont inclues la Céréaliculture ainsi que l' Élevage Intensif? L' Agriculture Productiviste.
79%
Qu'est ce que l'enclavement? L' Isolement d'un territoire difficilement accessible.
68%
Au sein de quels départements se pratiquent la Viticulture (= culture des vignes) à forte valeur ajoutée? Le Bordelais et le Champagne.
67%
Quelle quantité de Français vit dans ces zones de Faible Densité ( = Densité de Population inférieure à 30 Habitants par Kilomètre carré). 4 Millions.
46%
Quelle catégorie de personnes supportent mal les nuisances telles que le bruit ainsi que la pollution, dûes aux activités agricoles d'une région? Les Néoruraux.
44%
Qu'est - ce que la Désertification? La Fermeture de très nombreux Services Publics et de Santé.
35%
Quel est le nom donné aux conflits opposant les protecteurs de milieux naturels aux professionnels du monde du tourisme, souhaitant développer l'activité économique d'une région protégée? Les Conflits d' Acteurs.
35%
Depuis combien d'années les Espaces de Faible Densité voient - ils arriver des néoruraux / retraités / propriétaires de maisons secondaires, développant ainsi les Dynamiques Résidentielles? 40 années.
32%
Quelle proportion du territoire Français les Espaces de Faible Densité occupent - t - ils? Plus de 50%.
31%
Au sein de quelles régions des montagnes l'agriculture est-elle en crise, dû à la diminution d'agriculteurs et à l'augmentation des Friches Agricoles? Les Moyennes Montagnes.
19%
Aucun quiz correspondant
Distribution des résultats
% des personnes avec chaque résultat
Percentile par nombre de réponses
Votre historique - résultats
Vous n’avez pas pris ce quiz